Geboren in Minden - Statistiken

Allgemein
  • Dieses Quiz wurde 31 mal gespielt
    12 seit der letzten Aktualisierung
  • Das Durchschnittsergebnis liegt bei 2 aus 6
Antwortstatistiken
Hinweis Antwort % Korrekt
Sänger, der Deutschland beim Eurovision Song Contest 2024 vertrat und mit seinem Song "Always on the Run" den zwölften Rang belegte 1995 Isaak Guderian
88%
ehemalige YouTuberin, deren Kanal über 1.800.000 Abonnenten hatte 1995 Melina Sophie
63%
Gründer des Cornelsen Verlages 1908 Franz Cornelsen
50%
FDP-Politkerin und Bundesjustizministerin von 1992 bis 1996 und erneut von 2009 bis 2013 1951 Sabine Leutheusser-Schnarrenberger
25%
Wissenschaftler und Begründer der Grundlagen der modernen Astronomie 1784 Friedrich Wilhelm Bessel
0%
ehemaliger Fußballspieler mit über 200 Spielen für den FC Schalke 04 1971 Yves Eigenrauch
0%
Keine übereinstimmenden Quizze gefunden
Verteilung der Resultate
Anzahl Personen mit jedem Resultat
Perzentil nach korrekt beantworteten Fragen
Ihre Resultats-Entwicklung
Sie haben dieses Quiz seit der letzten Aktualisierung nicht gespielt